| 000 | 00532nam a2200181Ia 4500 | ||
|---|---|---|---|
| 003 | GCL | ||
| 008 | 140319s9999 xx 000 0 ara d | ||
| 040 |
_aGCL / _cGCL |
||
| 082 | 0 | 4 |
_a636.5 _bم ا |
| 100 | 1 | _aمحمد سعيد محمد سامى | |
| 245 | 1 | 0 |
_aالانتاج التجارى للرومى / _cمحمد سعيد محمد سامى |
| 260 |
_a[S.N] : _bدار الفكر العربى ، _c1987 |
||
| 300 | _a400 ص | ||
| 490 | _a | ||
| 650 | 0 | 4 | _aتربية الطيور |
| 650 | 0 | 4 | _aالرومى |
| 942 |
_2ddc _cBK |
||
| 999 |
_c45328 _d45328 |
||